Investment market update Europe (Record no. 84000)

MARC details
000 -LEADER
fixed length control field 01462cad a22002175a 4500
001 - CONTROL NUMBER
control field L156413
008 - FIXED-LENGTH DATA ELEMENTS--GENERAL INFORMATION
fixed length control field 120518s2012 xxk 000 0 eng d
035 ## - SYSTEM CONTROL NUMBER
System control number (Sirsi) u156413
041 0# - LANGUAGE CODE
Language code of text/sound track or separate title eng
110 2# - MAIN ENTRY--CORPORATE NAME
Corporate name or jurisdiction name as entry element DTZ
245 00 - TITLE STATEMENT
Title Investment market update Europe
Medium [electronic resource]
260 ## - PUBLICATION, DISTRIBUTION, ETC.
Place of publication, distribution, etc. London
Name of publisher, distributor, etc. DTZ
Date of publication, distribution, etc. 2012
490 #0 - SERIES STATEMENT
Series statement DTZ Investment Market Update Europe
Volume/sequential designation Q1 2012 15 May 2012
520 ## - SUMMARY, ETC.
Summary, etc. Total real estate investment activity totalled Euros 23.4bn in Q1 2012, 2% up on the same period in 2011. Volumes were 30% down on Q4 2011. Performance spread widely across Europe's largest markets: UK saw a 2% increase q-o-q to Euros 8.9bn; French volumes dropped by 75% to Euros 2bn; Germany held ground with Euros 5bn invested in Q1. Domestic investment totalled Euros 14.6bn, 32% down on Q4 2011. Cross-border investment was also down on a quarterly basis at Euros 8.8bn. Private property vehicles and companies remained dominant. 2012 forecast for investment transaction volume is Euros 100bn, a fall of 10% from 2011.
520 ## - SUMMARY, ETC.
Summary, etc. Executive summary - Economic context - UK investment volume - Source of capital - Investor type - Property type - Yield trends - Outlook- Significant deals and key figures.
590 ## - LOCAL NOTE (RLIN)
Local note NTK KA
651 #4 - SUBJECT ADDED ENTRY--GEOGRAPHIC NAME
Geographic name Europe
690 ## - LOCAL SUBJECT ADDED ENTRY--TOPICAL TERM (OCLC, RLIN)
Topical term or geographic name as entry element Commercial property
9 (RLIN) 6227
856 40 - ELECTRONIC LOCATION AND ACCESS
Uniform Resource Identifier <a href="https://www.dtz.com/Global/Research/Investment+Market+Update+Europe+Q1+2012">https://www.dtz.com/Global/Research/Investment+Market+Update+Europe+Q1+2012</a>
Public note View the report after free registration at www.dtz.com
942 ## - ADDED ENTRY ELEMENTS (KOHA)
Suppress in OPAC 0
Holdings
Withdrawn status Lost status Source of classification or shelving scheme Damaged status Not for loan Home library Current library Shelving location Date acquired Total Checkouts Full call number Barcode Date last seen Copy number Price effective from Koha item type
    Dewey Decimal Classification     Virtual Virtual Online 18/05/2012   ONLINE PUBLICATION 156413-2001 06/08/2019 1 06/08/2019 Book